Statistics for Ultimate Game of Thrones Quiz

Click here to take the quiz!

General Stats

  • This quiz has been taken 631 times
  • The average score is 99 of 146

Answer Stats

HintAnswer% Correct
Sigil of house TargaryenDragon
99%
Sigil of house StarkDirewolf
97%
Sigil of house LannisterLion
96%
Ned's full nameEddard
94%
Sigil of house TyrellRose
94%
Seat of house StarkWinterfell
94%
Breaker of chains and mother of dragonsDaenerys Targaryen
92%
Nickname of Jaime LannisterKingslayer
92%
The name of Arya's swordNeedle
92%
Jon's fat friend on the wallSamwell Tarly
91%
The wall is made of _______Ice
90%
Man who gave Arya her swordJon Snow
90%
Sigil of house BaratheonStag
90%
Nickname of Sandor CleganeThe Hound
90%
Youngest illegitimate son of Jaime LannisterTommen Baratheon
90%
Jon Snow's wildling girlfriendYgritte
90%
Boy who fell from the towers of Winterfell while climbingBrandon Stark
89%
Large woman who attempts to take Jaime Lannister back to King's LandingBrienne of Tarth
89%
Oldest illegitimate song of Jaime LannisterJoffrey Baratheon
89%
The king beyond the wallMance Rayder
89%
Animal that killed Robert BaratheonBoar
88%
Leader of Daenerys' slave armyGrey Worm
88%
Seat of house TyrellHighgarden
88%
Hand of the king before Ned StarkJon Arryn
88%
Petyr Baelish's nicknameLittlefinger
88%
Birds that are used to send lettersRavens
88%
Nickname of The Hound's brotherThe Mountain that Rides
88%
Daenerys' mad brotherViserys Targaryen
88%
Words of house StarkWinter Is Coming
88%
Name of the dragon that Daenerys rodeDrogon
87%
Stannis Baratheon's red priestessLady Melisandre
87%
Ramsay Bolton's fatherRoose Bolton
87%
Body part that Ser Jaime Lannister loses when he is held prisonerSword Hand
87%
Daenerys' slave armyThe Unsullied
87%
Seat of house TargaryenDragonstone
86%
Name of Joffrey's sisterMyrcella Baratheon
86%
Man who burned Sandor Clegane's faceSer Gregor Clegane
86%
Sigil of house MartellSun and Spear
86%
Varys' nicknameThe Spider
86%
Sigil of house TullyTrout
86%
Ned's brother who disappeared beyond the wallBenjen Stark
85%
Giant that carries BranHodor
85%
Knight who sells Daenerys' secrets to King's LandingSer Jorah Mormont
85%
The girl who Tyrion sneaks out to see while in King's LandingShae
85%
Bran's hobby before he fellClimbing
84%
Jon Arryn's wifeLysa Arryn
84%
Joffrey Baratheon's wifeMargaery Tyrell
84%
Tyrion Lannister's drink of choiceWine
83%
Rock that can kill white walkersDragonglass
82%
The faceless man that gave Arya the coinJaqen H'ghar
82%
Youngest brother of Robert BaratheonRenly Baratheon
82%
Theon Greyjoy's sisterAsha Greyjoy
81%
Name of the maester on the wallMaester Aemon Targaryen
81%
Name of Arya Stark's direwolfNymeria
81%
Tyrion Lannister's squirePodrick Payne
81%
The name of the mad kingAerys II Targaryen
80%
Name of the grand maester in King's LandingGrand Maester Pycelle
80%
Sworn protectors of the kingKingsguard
80%
Sigil of house GreyjoyKraken
80%
Sigil of house BoltonFlayed Man
79%
The watchers of the wallMen of the Night's Watch
79%
City that men train to become maestersOldtown
79%
Name of Lysa Arryn's sickly sonRobin Arryn
79%
Seat of house ArrynThe Eyrie
79%
How many hills is King's Landing built uponThree
79%
Who defends Tyrion Lannister in his trial by combat in The EyrieBronn
78%
Name of the dragon named after ViserysViserion
78%
How many battles did Robb Stark loseZero
78%
Seat of house GreyjoyPyke
77%
Who beheads Ned StarkSer Ilyn Payne
77%
Who dehorses Gregor Clegane in the hand's tourneySer Loras Tyrell
77%
Arya Stark's "dancing partner"Syrio Forel
77%
Catelyn Stark's brotherEdmure Tully
76%
Boy who kills YgritteOlly
75%
Seat of house TullyRiverrun
74%
Bronn was knighted after this battleThe Battle of the Blackwater
74%
Nickname of Oberyn MartellThe Red Viper
74%
Name of the Valyrian Steel sword Jaime gives BrienneOathkeeper
73%
Seat of house BaratheonStorm's End
73%
Seat of house MartellSunspear
73%
Sigil of house ArrynMoon and Falcon
72%
Name of the dragon named after RhaegarRhaegal
72%
Leader of the Second SonsDaario Naharis
70%
Man who says "The man who passes the Sentence should swing the sword."Ned Stark
70%
Robert Baratheon's weaponWarhammer
70%
Name of the explosive that gave the Lannisters the edge in the Battle of the BlackwaterWildfire
70%
Daenerys' hand maid who has a relationship with Grey WormMissandei
69%
Wildling who lived with his daughter-wives beyond the wallCraster
68%
Man who releases Tyrion Lannister from the black cellsSer Jaime Lannister
68%
Name of Ned Stark's wardTheon Greyjoy
68%
Stick them with the...Pointy End
67%
Man of the Night's Watch who Jon kills to "join" the wildlingsQhorin Halfhand
67%
First king of WesterosAegon the Conqueror
66%
Stannis Baratheon's DaughterShireen Baratheon
65%
Nickname of Ser Davos SeaworthThe Onion Knight
65%
Arya was taken here after being capture by PolliverHarrenhal
63%
The gold faced clan of MeereenThe Sons of the Harpy
63%
Who does Arya Stark kill in a brothel while working for the faceless menSer Meryn Trant
62%
Seat of house BoltonThe Dreadfort
61%
Maester of WinterfellMaester Luwin
60%
Anesthetic often refused by charactersMilk of the Poppy
60%
Lannister song that signalled doom at The Red WeddingThe Rains of Castamere
60%
The unoffocial maester who cares for Gregor Clegane after Tyrion's trialQyburn
59%
Jon Snow mistook this wildling for Mance RayderTormund Giantsbane
59%
Witch that killed Khal DrogoMirri Maz Duur
57%
Robb Stark executes this man for murdering Willem and Martyn LannisterLord Rickard Karstark
56%
Tywin Lannister's younger brotherSer Kevan Lannister
56%
Name of Joffrey Baratheon's Valyrian steel swordWidow's Wail
56%
Jaime Lannister killed this memeber of the Stark household guardJory Cassel
54%
Nickname of Lady Olenna TyrellThe Queen of Thorns
53%
Name of Jon Snow's Valyrian steel swordLongclaw
50%
Group of outlawas that Beric Dondarrion leadsThe Brotherhood Without Banners
50%
Greatest dragon who ever livedBalerion the Black Dread
49%
Wealthy Magister that takes care of Viseyrs and Dany in PentosMagister Illyrio Mopatis
47%
The man who takes Arya from King's Landing and tries to take her to the wallYoren
47%
Maesters send this to indicate the end of summerA White Raven
45%
The official words of house MartellUnbowed, Unbent, Unbroken
45%
The only Dothraki CityVaes Dothrak
45%
The saying of the faceless manValar Morghulis
45%
The lord of the ReachMace Tyrell
44%
Daenerys bought the unsullied in this cityAstapor
42%
Rhaegar Targaryen died hereThe Battle of the Trident
42%
Drunk fool who helps Sansa escape King's LandingSer Dontos
41%
Hodor's real nameWalder
41%
Where the warlocks in Qarth liveHouse of the Undying
40%
Tree that the Starks pray atWeirwood Tree
38%
Sarcastic nickname for BrienneBrienne the Beauty
37%
Place where the Night's Watch was attacked by White WalkersThe Fist of the First Men
36%
This type of ring on a maester's chain indicates that they have studied "higher mysteries"Valyrian Steel
36%
Different name for White WalkersOthers
34%
Man who kills Lord Commander MormontRast
34%
Viserys gave Khal Drogo Daenerys in exchange for...A Crown
33%
Name of Joffrey's sword used in the Battle of the BlackwaterHearteater
33%
Man who kills CrasterKarl Tanner
32%
Leader of the warlocks, killed by Daenerys' dragonsPyat Pree
32%
Name of the Lord of LightR'hllor
30%
Nickname of Barristan SelmyBarristan the Bold
29%
Large statue outside of BraavosThe Titan of Braavos
28%
King of the giantsMag the Mighty
25%
Nickname of Lord Beric DondarrionThe Lightning Lord
24%
Leader of the Thenns, killed by Jon Snow with a hammerStyr
23%
Name of Stannis Baratheon's swordLightbringer
21%
Name of the curved sword that the Dothraki fight withArakhs
18%
What the wildlings were looking for in the FrostfangsThe Horn of Joramun
13%
Jaqen H'ghar claims to be from this cityLorath
12%
Cersei Lannister received this poison from the grand maesterEssence of Nightshade
10%

Score Distribution

Percentile by Number Answered

Percent of People with Each Score

Your Score History

You have not taken this quiz